000 00269 a2200097 4500
001 12991
100 _aBalzac,H.D
245 _aNew Translation Responses:Contemporaries and other Novelists Twentieth-Century Criticism
260 _a
_bW.W.Norton
_c
090 _c9994
_d9994
942 _aNUST-CAE
_cM
_c36926
999 _c248064
_d248064